Panorama y problemas de la geomorfología aplicada en el mundo /

Guardado en:
Autor Principal: Tricart, Jean.
Formato: Libro
Idioma:Spanish
Publicado: Bahía Blanca : Universidad Nacional del Sur, Departamento de Geología, 1967.
Etiquetas: Agregar Etiqueta
Sin Etiquetas, Sea el primero en etiquetar este registro!
LEADER 00546nam a22001455a 4500
001 EUN.um020965
003 AR-BaUNS
005 20050623122900.0
008 041125s1967####ag############000#0#spa#d
245 1 0 |a Panorama y problemas de la geomorfología aplicada en el mundo /  |c Jean Tricart. Traducido del francés por Augusto P. Calmels. 
260 |a Bahía Blanca :  |b Universidad Nacional del Sur, Departamento de Geología,  |c 1967. 
300 |a 26 h. 
100 1 |a Tricart, Jean. 
082 0 4 |a 551.4 
859 |a Ar-BaUNS  |b BIB. CENTRAL - Sector C  |h 551.4  |i T732-21  |p 59190/971